[Event "GER-ch Youth U10W 2020"]
[Site "Willingen"]
[Date "2020.10.30"]
[Round "5.19"]
[White "Mo, Keyou"]
[Black "Heidtkamp, Anna"]
[Result "1-0"]
[WhiteElo "950"]
[BlackElo "1078"]
[Annotator "NA RC"]
[PlyCount "84"]
[EventDate "2020.10.27"]
[EventType "swiss"]
[EventRounds "7"]
[EventCountry "GER"]
[SourceTitle "playchess.com"]
[Source "ChessBase"]
[SourceQuality "1"]
[TimeControl "40/4500+30:900+30"]

1. e4 {[%emt 0:00:00]} e5 {[%emt 0:00:00]} 2. Nf3 {[%emt 0:00:00]} Nc6 {[%emt 0:00:00]} 3. Bc4 {[%emt 0:00:00]} Bc5 {[%emt 0:00:00]} 4. O-O {[%emt 0:00:00]} d6 {[%emt 0:00:00]} 5. d4 {[%emt 0:00:00]} exd4 {[%emt 0:00:36]} 6. c3 {[%emt 0:00:08]} dxc3 {[%emt 0:00:22]} 7. Nxc3 {[%emt 0:00:09]} Nf6 {[%emt 0:00:16]} 8. Re1 {[%emt 0:01:48]} Qe7 {[%emt 0:01:16]} 9. Nd5 {[%emt 0:01:35]} Qe6 {[%emt 0:00:57]} 10. Nxc7+ {[%emt 0:00:11]} Ke7 {[%emt 0:00:37]} 11. Bxe6 {[%emt 0:00:07]} Bxe6 {[%emt 0:00:11]} 12. Nxa8 {[%emt 0:00:12]} Rxa8 {[%emt 0:00:12]} 13. Be3 {[%emt 0:00:38]} Nxe4 {[%emt 0:00:36]} 14. Bg5+ {[%emt 0:00:53]} Nxg5 {[%emt 0:00:29]} 15. Nxg5 {[%emt 0:00:07]} h6 {[%emt 0:00:26]} 16. Nxe6 {[%emt 0:01:06]} fxe6 {[%emt 0:00:17]} 17. Qb3 {[%emt 0:00:28]} Kd7 {[%emt 0:03:49]} 18. Qxb7+ {[%emt 0:00:12]} Ke8 {[%emt 0:01:21]} 19. Rxe6+ {[%emt 0:00:19]} Kf8 {[%emt 0:03:33]} 20. Qxc6 {[%emt 0:01:15]} Rb8 {[%emt 0:01:57]} 21. g3 {[%emt 0:00:42]} Kg8 {[%emt 0:03:24]} 22. Rae1 {[%emt 0:03:00]} Kh7 {[%emt 0:05:53]} 23. R1e4 {[%emt 0:00:41]} Rb6 {[%emt 0:02:43]} 24. Qd7 {[%emt 0:00:31]} Rb8 {[%emt 0:01:42]} 25. Rg4 {[%emt 0:00:19]} Rg8 {[%emt 0:00:30]} 26. Reg6 {[%emt 0:00:22]} Bd4 {[%emt 0:02:17]} 27. b3 {[%emt 0:00:40]} Bc3 {[%emt 0:00:30]} 28. Kf1 {[%emt 0:00:31]} Bd4 29. Qxd6 {[%emt 0:00:11]} Ba1 {[%emt 0:03:13]} 30. b4 {[%emt 0:00:52]} Bb2 {[%emt 0:02:37]} 31. Qc7 a6 {[%emt 0:00:44]} 32. f4 {[%emt 0:01:45]} Ba1 {[%emt 0:03:35]} 33. f5 {[%emt 0:01:01]} Kh8 {[%emt 0:00:37]} 34. f6 {[%emt 0:00:09]} Bxf6 {[%emt 0:00:29]} 35. a4 {[%emt 0:01:29]} Ba1 {[%emt 0:00:30]} 36. b5 {[%emt 0:00:06]} axb5 {[%emt 0:00:07]} 37. axb5 {[%emt 0:00:04]} Rf8+ {[%emt 0:00:33]} 38. Kg2 {[%emt 0:00:19]} Rg8 {[%emt 0:01:49]} 39. b6 {[%emt 0:00:17]} Bb2 {[%emt 0:00:35]} 40. b7 {[%emt 0:00:11]} Ba1 {[%emt 0:00:13]} 41. b8=Q Rxb8 42. Rxg7 {[%emt 0:16:22]} Rb2+ {[%emt 0:16:04]} 1-0

[Event "GER-ch Youth U10W 2020"]
[Site "Willingen"]
[Date "2020.10.30"]
[Round "5.21"]
[White "Amrhein, Yana"]
[Black "Margaryan, Mari"]
[Result "1-0"]
[WhiteElo "747"]
[BlackElo "690"]
[Annotator "NA RC"]
[PlyCount "99"]
[EventDate "2020.10.27"]
[EventType "swiss"]
[EventRounds "7"]
[EventCountry "GER"]
[SourceTitle "playchess.com"]
[Source "ChessBase"]
[SourceQuality "1"]
[TimeControl "40/4500+30:900+30"]

1. Nf3 Nc6 {[%emt 0:00:00]} 2. d3 {[%emt 0:00:00]} e5 {[%emt 0:00:00]} 3. g3 {[%emt 0:00:01]} Nf6 {[%emt 0:00:03]} 4. Bg2 {[%emt 0:00:26]} Bc5 {[%emt 0:00:17]} 5. Nxe5 {[%emt 0:00:40]} Nxe5 {[%emt 0:00:30]} 6. d4 {[%emt 0:00:13]} Bxd4 {[%emt 0:00:28]} 7. Qxd4 {[%emt 0:00:21]} d6 {[%emt 0:00:17]} 8. O-O {[%emt 0:00:13]} O-O {[%emt 0:00:07]} 9. Qd1 {[%emt 0:00:07]} Bf5 {[%emt 0:00:14]} 10. b3 {[%emt 0:00:15]} Re8 {[%emt 0:00:31]} 11. Bb2 {[%emt 0:00:13]} Qd7 {[%emt 0:00:44]} 12. Bxb7 {[%emt 0:00:11]} Rab8 {[%emt 0:00:20]} 13. Bg2 {[%emt 0:00:14]} Bh3 {[%emt 0:00:24]} 14. Qd2 {[%emt 0:00:22]} Bxg2 {[%emt 0:00:36]} 15. Kxg2 {[%emt 0:00:06]} Qc6+ {[%emt 0:00:20]} 16. f3 {[%emt 0:00:28]} Ra8 {[%emt 0:00:47]} 17. Nc3 {[%emt 0:00:46]} h5 {[%emt 0:00:23]} 18. Rad1 {[%emt 0:00:46]} Kh7 {[%emt 0:00:44]} 19. Nd5 {[%emt 0:07:21]} Nxd5 {[%emt 0:00:38]} 20. Qxd5 {[%emt 0:00:16]} Qxd5 {[%emt 0:00:43]} 21. Rxd5 {[%emt 0:00:10]} c6 {[%emt 0:00:11]} 22. Rxd6 {[%emt 0:00:19]} Rad8 {[%emt 0:00:28]} 23. Bxe5 {[%emt 0:00:25]} f6 {[%emt 0:00:55]} 24. Rxd8 {[%emt 0:00:50]} Rxd8 {[%emt 0:00:17]} 25. Bc3 {[%emt 0:00:20]} Rh8 {[%emt 0:00:17]} 26. e4 {[%emt 0:00:22]} Kg8 {[%emt 0:00:11]} 27. Rd1 {[%emt 0:00:16]} h4 {[%emt 0:00:27]} 28. gxh4 {[%emt 0:00:06]} Rxh4 {[%emt 0:00:39]} 29. e5 {[%emt 0:00:11]} fxe5 {[%emt 0:00:32]} 30. Bxe5 {[%emt 0:00:10]} g5 {[%emt 0:00:15]} 31. Kg3 {[%emt 0:00:19]} Kh7 32. f4 {[%emt 0:00:13]} Kh6 {[%emt 0:00:57]} 33. fxg5+ {[%emt 0:00:10]} Kxg5 {[%emt 0:00:26]} 34. Kg2 {[%emt 0:00:16]} Kg4 {[%emt 0:00:22]} 35. Rd4+ {[%emt 0:00:09]} Kh5 {[%emt 0:00:25]} 36. Kg3 {[%emt 0:00:46]} Rg4+ {[%emt 0:00:55]} 37. Rxg4 {[%emt 0:00:12]} Kh6 {[%emt 0:00:31]} 38. a3 {[%emt 0:00:08]} a6 {[%emt 0:00:07]} 39. c4 {[%emt 0:00:05]} Kh7 {[%emt 0:00:33]} 40. h4 {[%emt 0:00:09]} Kh6 {[%emt 0:00:20]} 41. h5 {[%emt 0:15:10]} Kxh5 {[%emt 0:15:20]} 42. b4 {[%emt 0:00:11]} Kh6 {[%emt 0:00:26]} 43. a4 {[%emt 0:00:11]} Kh5 {[%emt 0:00:17]} 44. b5 {[%emt 0:00:07]} axb5 {[%emt 0:00:18]} 45. axb5 {[%emt 0:00:16]} cxb5 {[%emt 0:00:13]} 46. cxb5 {[%emt 0:00:09]} Kh6 {[%emt 0:00:18]} 47. b6 {[%emt 0:00:04]} Kh5 {[%emt 0:00:10]} 48. b7 {[%emt 0:00:05]} Kh6 {[%emt 0:00:07]} 49. b8=Q Kh5 50. Qh8# {[%emt 0:01:14]} 1-0

[Event "GER-ch Youth U10W 2020"]
[Site "Willingen"]
[Date "2020.10.30"]
[Round "6.1"]
[White "Czäczine, Paula"]
[Black "Sickmann, Lisa"]
[Result "0-1"]
[WhiteElo "1127"]
[BlackElo "1510"]
[Annotator "NA RC"]
[PlyCount "62"]
[EventDate "2020.10.27"]
[EventType "swiss"]
[EventRounds "7"]
[EventCountry "GER"]
[SourceTitle "playchess.com"]
[Source "ChessBase"]
[SourceQuality "1"]
[TimeControl "40/4500+30:900+30"]

1. e4 {[%emt 0:00:00]} e5 {[%emt 0:00:00]} 2. Nf3 {[%emt 0:00:00]} Nc6 {[%emt 0:00:00]} 3. d4 {[%emt 0:00:00]} exd4 {[%emt 0:00:00]} 4. Nxd4 {[%emt 0:00:08]} Nf6 {[%emt 0:00:00]} 5. Nxc6 {[%emt 0:00:17]} bxc6 {[%emt 0:00:17]} 6. e5 {[%emt 0:00:10]} Qe7 {[%emt 0:00:07]} 7. Qe2 {[%emt 0:00:09]} Nd5 {[%emt 0:00:12]} 8. c4 {[%emt 0:00:14]} Nb6 {[%emt 0:00:09]} 9. f4 {[%emt 0:05:11]} Qe6 {[%emt 0:03:17]} 10. Be3 {[%emt 0:04:57]} Be7 {[%emt 0:08:20]} 11. Qc2 {[%emt 0:04:06]} Bb7 {[%emt 0:01:18]} 12. Bd3 {[%emt 0:03:13]} d6 {[%emt 0:01:41]} 13. O-O {[%emt 0:05:49]} dxe5 {[%emt 0:01:17]} 14. fxe5 {[%emt 0:00:21]} g6 {[%emt 0:03:48]} 15. Qc3 {[%emt 0:07:22]} O-O-O {[%emt 0:02:43]} 16. Nd2 {[%emt 0:06:11]} Na4 {[%emt 0:02:00]} 17. Qc2 {[%emt 0:07:42]} Nc5 {[%emt 0:00:19]} 18. Bxc5 {[%emt 0:02:15]} Bxc5+ {[%emt 0:00:15]} 19. Kh1 {[%emt 0:00:22]} Qxe5 {[%emt 0:02:59]} 20. Rxf7 {[%emt 0:01:48]} Qe3 {[%emt 0:03:43]} 21. Rf3 {[%emt 0:02:24]} Qe5 {[%emt 0:02:28]} 22. Ne4 {[%emt 0:04:37]} Bd4 {[%emt 0:02:42]} 23. Rb1 {[%emt 0:01:24]} Rhf8 {[%emt 0:02:19]} 24. Rxf8 {[%emt 0:03:02]} Rxf8 {[%emt 0:00:08]} 25. c5 {[%emt 0:00:26]} Qf4 {[%emt 0:02:58]} 26. b4 {[%emt 0:02:19]} Be5 {[%emt 0:00:43]} 27. Ng3 {[%emt 0:00:23]} Qh4 {[%emt 0:00:32]} 28. Kg1 {[%emt 0:01:08]} Rf4 {[%emt 0:04:05]} 29. Qe2 {[%emt 0:03:21]} Bd4+ {[%emt 0:00:15]} 30. Kh1 {[%emt 0:00:21]} Qxh2+ {[%emt 0:00:06]} 31. Kxh2 {[%emt 0:00:17]} Rh4# 0-1

[Event "GER-ch Youth U10W 2020"]
[Site "Willingen"]
[Date "2020.10.30"]
[Round "6.2"]
[White "Bauer, Laura Sophie"]
[Black "Hoffmann, Svenja"]
[Result "0-1"]
[WhiteElo "1287"]
[BlackElo "1219"]
[Annotator "NA RC"]
[PlyCount "88"]
[EventDate "2020.10.27"]
[EventType "swiss"]
[EventRounds "7"]
[EventCountry "GER"]
[SourceTitle "playchess.com"]
[Source "ChessBase"]
[SourceQuality "1"]
[TimeControl "40/4500+30:900+30"]

1. e4 {[%emt 0:00:00]} e5 {[%emt 0:00:00]} 2. Nf3 {[%emt 0:00:00]} Nc6 {[%emt 0:00:07]} 3. Nc3 {[%emt 0:00:00]} Nf6 {[%emt 0:00:44]} 4. g3 {[%emt 0:00:02]} Bb4 {[%emt 0:02:13]} 5. Bg2 {[%emt 0:01:04]} d6 {[%emt 0:03:14]} 6. a3 {[%emt 0:00:29]} Bc5 {[%emt 0:01:32]} 7. O-O {[%emt 0:01:08]} Be6 {[%emt 0:01:39]} 8. d3 {[%emt 0:00:55]} Qd7 {[%emt 0:02:24]} 9. Ng5 {[%emt 0:02:11]} Bg4 {[%emt 0:01:28]} 10. Nf3 {[%emt 0:02:08]} h6 {[%emt 0:00:23]} 11. Na4 {[%emt 0:02:26]} Bb6 {[%emt 0:02:10]} 12. Nxb6 {[%emt 0:00:17]} axb6 {[%emt 0:00:14]} 13. Be3 {[%emt 0:02:44]} d5 {[%emt 0:03:46]} 14. Qe1 {[%emt 0:09:42]} Bh3 {[%emt 0:05:38]} 15. exd5 {[%emt 0:06:12]} Nxd5 {[%emt 0:01:10]} 16. Bd2 {[%emt 0:06:34]} f6 {[%emt 0:00:48]} 17. Qe4 {[%emt 0:02:24]} O-O-O {[%emt 0:01:34]} 18. Rfe1 {[%emt 0:02:13]} Bxg2 {[%emt 0:04:42]} 19. Kxg2 {[%emt 0:01:10]} f5 {[%emt 0:01:56]} 20. Qa4 {[%emt 0:03:47]} Kb8 {[%emt 0:00:30]} 21. Qb3 {[%emt 0:05:17]} Rhe8 {[%emt 0:02:37]} 22. Qc4 {[%emt 0:05:10]} f4 {[%emt 0:02:32]} 23. a4 {[%emt 0:02:05]} g5 {[%emt 0:01:34]} 24. a5 {[%emt 0:01:15]} g4 {[%emt 0:00:38]} 25. Nh4 {[%emt 0:00:31]} f3+ {[%emt 0:01:51]} 26. Kh1 {[%emt 0:02:21]} Nd4 {[%emt 0:02:09]} 27. a6 {[%emt 0:02:42]} Nf5 {[%emt 0:02:01]} 28. axb7 {[%emt 0:01:36]} Kxb7 {[%emt 0:00:35]} 29. Ra3 {[%emt 0:01:39]} Nxh4 {[%emt 0:01:29]} 30. gxh4 {[%emt 0:00:54]} g3 {[%emt 0:02:54]} 31. Qa6+ {[%emt 0:04:26]} Kc6 {[%emt 0:00:14]} 32. c4 {[%emt 0:02:38]} Qh3 {[%emt 0:01:46]} 33. cxd5+ {[%emt 0:02:04]} Rxd5 {[%emt 0:00:13]} 34. Rc1+ {[%emt 0:01:26]} Kd6 {[%emt 0:00:17]} 35. Bb4+ {[%emt 0:00:50]} Kd7 {[%emt 0:00:22]} 36. Rxc7+ {[%emt 0:01:36]} Kxc7 {[%emt 0:00:21]} 37. Qa7+ {[%emt 0:01:57]} Kc6 {[%emt 0:01:02]} 38. Qa4+ {[%emt 0:04:03]} Kc7 {[%emt 0:01:00]} 39. Qa7+ {[%emt 0:01:44]} Kc6 {[%emt 0:01:00]} 40. Qa4+ {[%emt 0:00:39]} Rb5 {[%emt 0:00:34]} 41. Rc3+ {[%emt 0:15:13]} Kb7 {[%emt 0:15:23]} 42. Rc7+ {[%emt 0:01:25]} Kxc7 {[%emt 0:00:11]} 43. Bd6+ {[%emt 0:00:49]} Kxd6 {[%emt 0:00:11]} 44. Qa3+ {[%emt 0:00:16]} Rc5 {[%emt 0:00:09]} 0-1

[Event "GER-ch Youth U10W 2020"]
[Site "Willingen"]
[Date "2020.10.30"]
[Round "6.3"]
[White "Woiteck, Sophia"]
[Black "Trunz, Tamila"]
[Result "0-1"]
[WhiteElo "1065"]
[BlackElo "1379"]
[Annotator "NA RC"]
[PlyCount "98"]
[EventDate "2020.10.27"]
[EventType "swiss"]
[EventRounds "7"]
[EventCountry "GER"]
[SourceTitle "playchess.com"]
[Source "ChessBase"]
[SourceQuality "1"]
[TimeControl "40/4500+30:900+30"]

1. d4 {[%emt 0:00:00]} d5 {[%emt 0:00:00]} 2. Bf4 {[%emt 0:00:00]} Nf6 {[%emt 0:00:00]} 3. e3 {[%emt 0:00:00]} c6 {[%emt 0:00:16]} 4. Nf3 {[%emt 0:00:13]} Bf5 {[%emt 0:01:03]} 5. c3 {[%emt 0:03:27]} h6 {[%emt 0:00:44]} 6. h3 {[%emt 0:00:41]} Nbd7 {[%emt 0:00:47]} 7. Bd3 {[%emt 0:00:44]} Bxd3 {[%emt 0:00:42]} 8. Qxd3 {[%emt 0:00:13]} e6 {[%emt 0:00:24]} 9. Nbd2 {[%emt 0:00:38]} Be7 {[%emt 0:00:40]} 10. e4 {[%emt 0:05:06]} dxe4 {[%emt 0:01:29]} 11. Nxe4 {[%emt 0:00:32]} O-O {[%emt 0:02:51]} 12. O-O {[%emt 0:10:22]} Rc8 {[%emt 0:06:18]} 13. Nd6 {[%emt 0:23:34]} Bxd6 {[%emt 0:02:38]} 14. Bxd6 {[%emt 0:00:24]} Re8 {[%emt 0:00:35]} 15. Ne5 {[%emt 0:06:48]} c5 {[%emt 0:03:12]} 16. Nxd7 {[%emt 0:00:44]} Qxd7 {[%emt 0:00:33]} 17. Be5 {[%emt 0:01:17]} Nh7 {[%emt 0:01:13]} 18. Rfe1 {[%emt 0:01:50]} f6 {[%emt 0:00:28]} 19. Bh2 {[%emt 0:00:51]} b5 {[%emt 0:02:06]} 20. Rad1 {[%emt 0:02:09]} c4 {[%emt 0:00:58]} 21. Qg6 {[%emt 0:00:40]} a5 {[%emt 0:05:53]} 22. Re3 {[%emt 0:02:12]} b4 {[%emt 0:03:59]} 23. Bf4 {[%emt 0:01:51]} Ng5 {[%emt 0:04:49]} 24. h4 {[%emt 0:00:31]} Nf7 {[%emt 0:04:44]} 25. Rde1 {[%emt 0:04:12]} Rc6 {[%emt 0:10:38]} 26. Rg3 {[%emt 0:00:36]} Nd6 {[%emt 0:04:48]} 27. Bxh6 Nf5 {[%emt 0:01:25]} 28. Rg4 {[%emt 0:02:24]} Nxh6 {[%emt 0:02:46]} 29. Qxh6 {[%emt 0:00:12]} e5 {[%emt 0:01:50]} 30. Qg6 {[%emt 0:00:51]} f5 {[%emt 0:02:04]} 31. Qg5 {[%emt 0:02:40]} fxg4 {[%emt 0:00:38]} 32. h5 {[%emt 0:01:04]} exd4 33. Rxe8+ {[%emt 0:02:02]} Qxe8 {[%emt 0:02:31]} 34. Qxa5 {[%emt 0:00:38]} bxc3 {[%emt 0:01:22]} 35. Qd5+ {[%emt 0:01:04]} Qe6 {[%emt 0:00:51]} 36. Qxd4 {[%emt 0:00:33]} cxb2 {[%emt 0:00:41]} 37. Qxb2 {[%emt 0:00:50]} c3 {[%emt 0:00:10]} 38. Qc2 {[%emt 0:00:56]} Qe1+ {[%emt 0:02:08]} 39. Kh2 {[%emt 0:00:15]} Qd2 {[%emt 0:01:05]} 40. Qb3+ {[%emt 0:00:14]} Kh7 {[%emt 0:00:23]} 41. Qb5 {[%emt 0:15:41]} Qd6+ {[%emt 0:16:11]} 42. g3 {[%emt 0:00:22]} c2 {[%emt 0:00:42]} 43. Qf5+ {[%emt 0:00:24]} Kg8 {[%emt 0:01:09]} 44. h6 {[%emt 0:00:14]} Qxh6+ {[%emt 0:00:26]} 45. Kg2 {[%emt 0:00:43]} c1=Q {[%emt 0:00:55]} 46. Qd5+ {[%emt 0:00:12]} Kh7 {[%emt 0:00:20]} 47. Qe4+ {[%emt 0:00:46]} Rg6 {[%emt 0:00:56]} 48. f4 {[%emt 0:00:32]} Qhh1+ {[%emt 0:00:59]} 49. Kf2 {[%emt 0:00:15]} Qhf1# {[%emt 0:00:23]} 0-1

[Event "GER-ch Youth U10W 2020"]
[Site "Willingen"]
[Date "2020.10.30"]
[Round "6.4"]
[White "Schube, Theresa"]
[Black "Kutz, Ida Klara"]
[Result "0-1"]
[WhiteElo "1131"]
[BlackElo "997"]
[Annotator "NA RC"]
[PlyCount "76"]
[EventDate "2020.10.27"]
[EventType "swiss"]
[EventRounds "7"]
[EventCountry "GER"]
[SourceTitle "playchess.com"]
[Source "ChessBase"]
[SourceQuality "1"]
[TimeControl "40/4500+30:900+30"]

1. e4 {[%emt 0:00:00]} c5 {[%emt 0:00:00]} 2. Nf3 {[%emt 0:00:00]} e6 {[%emt 0:00:00]} 3. c3 {[%emt 0:00:02]} d5 {[%emt 0:00:19]} 4. exd5 {[%emt 0:00:22]} exd5 {[%emt 0:00:37]} 5. d4 {[%emt 0:00:18]} cxd4 {[%emt 0:01:11]} 6. cxd4 {[%emt 0:00:26]} Nf6 {[%emt 0:01:02]} 7. Nc3 {[%emt 0:00:34]} Be6 {[%emt 0:00:19]} 8. Be2 {[%emt 0:00:40]} Bb4 {[%emt 0:01:14]} 9. Bd2 {[%emt 0:01:09]} O-O {[%emt 0:01:30]} 10. Qb3 {[%emt 0:00:56]} Qb6 {[%emt 0:03:01]} 11. O-O {[%emt 0:01:17]} Nbd7 {[%emt 0:02:14]} 12. Na4 {[%emt 0:01:37]} Qd8 {[%emt 0:04:45]} 13. Bxb4 {[%emt 0:01:08]} Re8 {[%emt 0:00:51]} 14. Nc5 {[%emt 0:01:41]} Nxc5 {[%emt 0:01:34]} 15. Bxc5 {[%emt 0:00:20]} Ne4 {[%emt 0:01:31]} 16. Ba3 {[%emt 0:01:13]} Bg4 {[%emt 0:01:56]} 17. Qd3 {[%emt 0:02:37]} Qf6 {[%emt 0:03:07]} 18. Ne5 {[%emt 0:01:23]} Bxe2 {[%emt 0:04:25]} 19. Qxe2 {[%emt 0:00:24]} Ng5 {[%emt 0:01:29]} 20. Qd2 {[%emt 0:01:11]} Ne6 {[%emt 0:03:20]} 21. Nd7 {[%emt 0:02:19]} Qxd4 {[%emt 0:01:36]} 22. Qxd4 {[%emt 0:00:17]} Nxd4 {[%emt 0:00:56]} 23. Bc5 {[%emt 0:02:52]} Ne2+ {[%emt 0:02:52]} 24. Kh1 {[%emt 0:00:13]} Rad8 {[%emt 0:00:28]} 25. Nf6+ {[%emt 0:01:54]} gxf6 {[%emt 0:02:52]} 26. Bxa7 {[%emt 0:00:20]} d4 {[%emt 0:00:53]} 27. g3 {[%emt 0:01:37]} d3 {[%emt 0:03:27]} 28. Be3 {[%emt 0:01:19]} Nd4 {[%emt 0:01:47]} 29. Bxd4 {[%emt 0:00:39]} Rxd4 {[%emt 0:02:10]} 30. Rfe1 {[%emt 0:02:20]} Re2 {[%emt 0:01:40]} 31. b3 {[%emt 0:04:06]} Rxf2 {[%emt 0:01:01]} 32. Red1 {[%emt 0:05:08]} d2 {[%emt 0:01:03]} 33. Kg1 {[%emt 0:01:00]} Re2 {[%emt 0:02:53]} 34. a3 {[%emt 0:00:34]} Rde4 {[%emt 0:01:03]} 35. Kf1 {[%emt 0:00:31]} Rxh2 {[%emt 0:01:21]} 36. Kg1 {[%emt 0:00:07]} Ree2 {[%emt 0:01:55]} 37. b4 {[%emt 0:01:56]} Rhg2+ {[%emt 0:01:52]} 38. Kf1 {[%emt 0:00:13]} Ref2# {[%emt 0:00:17]} 0-1

[Event "GER-ch Youth U10W 2020"]
[Site "Willingen"]
[Date "2020.10.30"]
[Round "6.5"]
[White "Neininger, Sarah"]
[Black "Will, Elina"]
[Result "1-0"]
[WhiteElo "1469"]
[BlackElo "1149"]
[Annotator "NA RC"]
[PlyCount "101"]
[EventDate "2020.10.27"]
[EventType "swiss"]
[EventRounds "7"]
[EventCountry "GER"]
[SourceTitle "playchess.com"]
[Source "ChessBase"]
[SourceQuality "1"]
[TimeControl "40/4500+30:900+30"]

1. e4 {[%emt 0:00:00]} d5 {[%emt 0:00:00]} 2. exd5 {[%emt 0:00:00]} Nf6 {[%emt 0:00:00]} 3. d4 {[%emt 0:00:00]} Nxd5 {[%emt 0:00:00]} 4. c4 {[%emt 0:00:00]} Nf6 {[%emt 0:00:00]} 5. Nf3 {[%emt 0:00:19]} e6 {[%emt 0:02:02]} 6. Be3 {[%emt 0:01:01]} b6 {[%emt 0:00:32]} 7. Nc3 {[%emt 0:02:04]} Bb7 {[%emt 0:00:55]} 8. Be2 {[%emt 0:01:04]} Nbd7 {[%emt 0:01:12]} 9. O-O {[%emt 0:01:31]} g6 {[%emt 0:04:41]} 10. Qd2 {[%emt 0:03:04]} Qe7 {[%emt 0:03:19]} 11. Bh6 {[%emt 0:03:00]} O-O-O {[%emt 0:00:27]} 12. Bxf8 {[%emt 0:00:37]} Rhxf8 {[%emt 0:01:10]} 13. d5 {[%emt 0:01:47]} Kb8 {[%emt 0:05:47]} 14. Rad1 {[%emt 0:02:20]} Rfe8 {[%emt 0:02:13]} 15. d6 {[%emt 0:02:10]} Qxd6 {[%emt 0:04:26]} 16. Qxd6 {[%emt 0:00:27]} cxd6 {[%emt 0:00:09]} 17. Rxd6 {[%emt 0:00:23]} Nc5 {[%emt 0:02:05]} 18. Nb5 {[%emt 0:01:37]} Na4 {[%emt 0:01:53]} 19. b3 {[%emt 0:01:05]} Nc5 {[%emt 0:00:13]} 20. Rfd1 {[%emt 0:01:12]} Rxd6 {[%emt 0:02:59]} 21. Nxd6 {[%emt 0:00:42]} Re7 {[%emt 0:01:54]} 22. Nxb7 {[%emt 0:02:07]} Nxb7 {[%emt 0:02:50]} 23. Ne5 {[%emt 0:01:13]} Nc5 {[%emt 0:01:08]} 24. Nc6+ {[%emt 0:00:45]} Kc7 {[%emt 0:01:34]} 25. Nxe7 {[%emt 0:00:22]} a6 {[%emt 0:01:24]} 26. Bf3 {[%emt 0:00:59]} Nce4 {[%emt 0:01:35]} 27. Bxe4 {[%emt 0:00:29]} Nxe4 {[%emt 0:00:15]} 28. Ng8 {[%emt 0:00:31]} Nc3 {[%emt 0:02:58]} 29. Rd2 {[%emt 0:00:35]} Nb1 {[%emt 0:04:16]} 30. Rb2 {[%emt 0:00:36]} Nc3 {[%emt 0:00:16]} 31. Nf6 {[%emt 0:00:54]} b5 {[%emt 0:03:01]} 32. cxb5 {[%emt 0:00:36]} axb5 {[%emt 0:00:33]} 33. Rc2 {[%emt 0:00:24]} b4 34. a3 Kb6 {[%emt 0:05:34]} 35. axb4 {[%emt 0:01:52]} Nd5 {[%emt 0:00:26]} 36. Nxd5+ {[%emt 0:00:19]} exd5 {[%emt 0:00:15]} 37. Kf1 {[%emt 0:00:18]} f5 {[%emt 0:02:49]} 38. Ke2 {[%emt 0:00:16]} d4 {[%emt 0:00:49]} 39. Kd3 {[%emt 0:00:13]} h5 {[%emt 0:00:56]} 40. Kxd4 {[%emt 0:00:30]} h4 {[%emt 0:00:55]} 41. Kd5 {[%emt 0:15:14]} Kb7 {[%emt 0:15:33]} 42. b5 {[%emt 0:00:16]} Kb6 {[%emt 0:01:45]} 43. b4 {[%emt 0:00:26]} Kxb5 {[%emt 0:01:02]} 44. Kd4 {[%emt 0:00:19]} Kxb4 {[%emt 0:01:03]} 45. Rb2+ {[%emt 0:00:11]} Ka3 {[%emt 0:00:16]} 46. Rb8 {[%emt 0:00:14]} Ka4 {[%emt 0:00:27]} 47. Kc5 {[%emt 0:00:10]} Ka3 {[%emt 0:00:25]} 48. Kc4 {[%emt 0:00:04]} Ka2 {[%emt 0:00:25]} 49. Kc3 {[%emt 0:00:06]} Ka1 {[%emt 0:00:12]} 50. Kc2 {[%emt 0:00:05]} g5 {[%emt 0:00:33]} 51. Ra8# 1-0

[Event "GER-ch Youth U10W 2020"]
[Site "Willingen"]
[Date "2020.10.30"]
[Round "6.6"]
[White "Meier, Viktoria"]
[Black "Strübel, Katharina"]
[Result "1-0"]
[WhiteElo "1316"]
[BlackElo "1091"]
[Annotator "NA RC"]
[PlyCount "83"]
[EventDate "2020.10.27"]
[EventType "swiss"]
[EventRounds "7"]
[EventCountry "GER"]
[SourceTitle "playchess.com"]
[Source "ChessBase"]
[SourceQuality "1"]
[TimeControl "40/4500+30:900+30"]

1. d4 {[%emt 0:00:00]} d5 {[%emt 0:00:00]} 2. Bf4 {[%emt 0:00:00]} Nf6 {[%emt 0:00:14]} 3. e3 {[%emt 0:00:02]} c5 {[%emt 0:00:16]} 4. c3 {[%emt 0:00:30]} Nc6 {[%emt 0:00:32]} 5. Bd3 {[%emt 0:00:26]} Qb6 {[%emt 0:02:30]} 6. Qb3 {[%emt 0:01:02]} c4 {[%emt 0:02:17]} 7. Qxb6 {[%emt 0:00:24]} axb6 {[%emt 0:00:15]} 8. Bc2 {[%emt 0:00:17]} b5 {[%emt 0:01:56]} 9. b4 {[%emt 0:02:23]} Bd7 {[%emt 0:03:07]} 10. a4 {[%emt 0:00:48]} b6 {[%emt 0:01:51]} 11. Nd2 {[%emt 0:00:37]} e6 {[%emt 0:01:38]} 12. Ngf3 {[%emt 0:01:07]} Be7 {[%emt 0:03:04]} 13. O-O {[%emt 0:01:32]} O-O {[%emt 0:00:55]} 14. axb5 {[%emt 0:00:18]} Na7 {[%emt 0:01:39]} 15. e4 {[%emt 0:02:55]} Bxb5 {[%emt 0:01:26]} 16. Bg5 {[%emt 0:02:38]} Nc6 {[%emt 0:03:26]} 17. Ne5 {[%emt 0:03:05]} h6 {[%emt 0:03:49]} 18. Nxc6 {[%emt 0:01:21]} Bxc6 {[%emt 0:01:40]} 19. exd5 {[%emt 0:01:02]} Nxd5 {[%emt 0:00:20]} 20. Bxe7 {[%emt 0:00:40]} Nxe7 {[%emt 0:00:15]} 21. Nxc4 {[%emt 0:00:53]} Rxa1 {[%emt 0:03:07]} 22. Rxa1 {[%emt 0:01:07]} Nd5 {[%emt 0:04:14]} 23. Be4 {[%emt 0:02:10]} Bb5 {[%emt 0:00:42]} 24. Bxd5 {[%emt 0:00:50]} exd5 {[%emt 0:07:14]} 25. Nxb6 {[%emt 0:01:59]} Bc4 {[%emt 0:01:27]} 26. Nxc4 {[%emt 0:00:33]} dxc4 {[%emt 0:00:20]} 27. Rb1 {[%emt 0:00:06]} Re8 {[%emt 0:00:18]} 28. g3 {[%emt 0:00:09]} Re2 {[%emt 0:00:17]} 29. b5 {[%emt 0:00:23]} Rc2 {[%emt 0:00:34]} 30. b6 {[%emt 0:00:38]} Rxc3 {[%emt 0:00:46]} 31. b7 {[%emt 0:00:07]} Rb3 {[%emt 0:01:08]} 32. Rxb3 {[%emt 0:00:06]} cxb3 {[%emt 0:00:08]} 33. b8=Q+ {[%emt 0:00:24]} Kh7 {[%emt 0:00:06]} 34. d5 {[%emt 0:00:10]} b2 {[%emt 0:00:19]} 35. d6 {[%emt 0:00:04]} b1=Q+ 36. Qxb1+ g6 {[%emt 0:01:03]} 37. d7 {[%emt 0:00:37]} Kg7 {[%emt 0:00:32]} 38. d8=Q {[%emt 0:00:13]} Kh7 {[%emt 0:00:05]} 39. Qb4 {[%emt 0:00:17]} g5 {[%emt 0:00:18]} 40. Qbf8 {[%emt 0:00:29]} Kg6 {[%emt 0:00:16]} 41. Qde7 {[%emt 0:15:32]} g4 {[%emt 0:15:22]} 42. Qfxf7# {[%emt 0:00:11]} 1-0